000 00601cam a2200181 4500
001 X103892
008 000000n2000 000 0 eng u
035 _a(Sirsi) u103892
245 _aEaling v Surdonja
260 _c2000
490 _aNew Property Cases
_v[2000] NPC 5 (21/01/00)
520 _aThe court defines the duties of local authorities when reviewing an application for homeless accommodation. DO NOT PHOTOCOPY.
650 _aEALING V SURDONJA
650 _aHOMELESS PEOPLE
650 _aHOUSING ACT 1996
690 _aLANDLORD AND TENANT-CASE LAW-RESIDENTIAL TENANCIES
942 _n0
999 _c62361
_d62361